| 000 | 00467nam a2200169Ia 4500 | ||
|---|---|---|---|
| 003 | GCL | ||
| 008 | 140319s9999 xx 000 0 ara d | ||
| 040 |
_aGCL / _cGCL |
||
| 082 | 0 | 4 |
_aط _b507 _bع ل |
| 100 | 1 | _aعبدالخالق عبدالله | |
| 245 | 1 | 0 |
_aلماذا , متى , اين ? / _cعبدالخالق عبدالله |
| 700 | 1 | _aعبدالخالق ثروت | |
| 300 | _a24 ص | ||
| 490 |
_a100 قصة _v0 |
||
| 650 | 0 | 4 | _aالعلوم |
| 942 |
_2ddc _cBK |
||
| 999 |
_c45179 _d45179 |
||